Statistics for Top 100 biggest airports in the world

Click here to take the quiz!

General Stats

  • This quiz has been taken 822 times
  • The average score is 61 of 100

Answer Stats

HintAnswer% Correct
6London Heathrow Airport
93%
4Los Angeles International Airport
92%
33London Gatwick Airport
91%
22New York John F. Kennedy International Airport
91%
43New York Newark International Airport
91%
10Paris Charles De Gaulle International Airport
91%
7Tokyo Haneda Airport
91%
2Beijing Capital International Airport
90%
68New York LaGuardia
90%
1Atlanta Hartsfield-Jackson International Airport
89%
81London Stansted
89%
25Madrid Adolfo Suárez Airport
88%
9Shanghai Pudong International Airport
87%
3Dubai International Airport
86%
66Moscow Domodedovo Airport
86%
50Moscow Sheremetyevo International Airport
86%
45Shanghai Hongqiao International Airport
86%
40Miami International Airport
84%
47Rome Leonardo Da Vinci Airport
84%
5Chicago O'hare International Airport
83%
42Sydney Airport
83%
11Amsterdam Schipol Airport
81%
12Dallas Fort Worth International Airport
81%
24San Francisco International Airport
81%
28Barcelona El Prat Airport
80%
29Bombay Chhatrapati Shivaji International Airport
80%
16Delhi Indira Gandhi International Airport
80%
14Frankfurt Am Main International Airport
80%
8Hong Kong International Airport
80%
15Istanbul Atatürk Airport
80%
64Istanbul Sabiha Gökçen International Airport
80%
18Singapore Changi Airport
80%
30Toronto Pearson International Airport
79%
83Seoul Gimpo International Airport
77%
48Houston George Bush Intercontinental Airport
76%
17Jakarta Soekarno-Hatta International Airport
75%
31Seattle-Tacoma International Airport
75%
79Baltimore Washington International Thurgood Marshall Airport
74%
20Denver International Airport
74%
38Munich Airport
74%
52Bangkok Don Mueang International Airport
73%
21Bangkok Suvarnabhumi Airport
73%
61Melbourne Airport
73%
93Washington Ronald Reagan National Airport
73%
55Boston Logan International Airport
72%
78Stockholm Arlanda Airport
72%
36Mexico City International Airport
70%
54São Paulo Guarulhos International Airport
70%
73Osaka Kansai International Airport
69%
92Vancouver International Airport
68%
57Doha Hamad International Airport
67%
70Dublin Airport
67%
77Lisbon Portela Airport
67%
76Oslo Gardermoen Airport
67%
23Kuala Lumpur International Airport
66%
72Copenhagen Airport
65%
63Orlando Executive Airport
65%
39Orlando International Airport
65%
13Guangzhou Baiyun International Airport
64%
75Manchester Airport
64%
86Brussels Airport
63%
27Las Vegas McCarran International Airport
63%
44Manila Ninoy Aquino International Airport
63%
69Philadelphia International Airport
62%
59Detroit Metropolitan Wayne County Airport
61%
41Phoenix Sky Harbor International Airport
61%
89Vienna International Airport
60%
71Zürich Airport
59%
85Riyadh King Khaled International Airport
58%
65Bogota El Dorado International Airport
57%
32Charlotte Douglas International Airport
52%
100Wuhan Tianhe International Airport
52%
53Minneapolis St Paul International Airport
50%
46Xi'an Xianyang International Airport
49%
99Brisbane International Airport
48%
26Chengdu Shuangliu International Airport
45%
56Ho Chi Minh City Tan Song Nhat International Airport
41%
60Jeddah King Abdulaziz International Airport
41%
91Salt Lake City International Airport
38%
88Xiamen Gaoqi International Airport
38%
96Cancún International Airport
36%
84Bangalore Kempegowda International Airport
35%
87Düsseldorf International Airport
33%
74Palma De Mallorca Airport
29%
82Nanjing Lukou International Airport
27%
58Hangzhou Xiaoshan International Airport
26%
37Kunming Changshui International Airport
25%
62Fort Lauderdale Hollywood International Airport
21%
98Qingdao Liuting Airport
21%
97Fukuoka Airport
18%
80Antalya Airport
16%
90Zhengzhou Xinzheng International Airport
16%
34Shenzen Bao'an International Airport
14%
19Incheon International Airport
12%
35Taiwan Taoyuan International Airport
12%
49Narita International Airport
9%
51Chongqing Jiangbei International Airport
3%
95Abu Dhabi International Airport
1%
94Changcha Huanghua International Airport
1%
67Cheju International Airport
1%

Score Distribution

Percentile by Number Answered

Percent of People with Each Score

Your Score History

You have not taken this quiz